000 00775 a2200253 4500
003 Nust
005 20170207154052.0
010 _a 2009041877
020 _a0321492153 (pbk. : alk. paper)
020 _a9780321492159 (pbk. : alk. paper)
035 _a(OCoLC)ocn156818020
040 _cNust
082 0 0 _a004.654
100 1 _aKumar, B. V.
245 1 0 _aImplementing SOA using Java EE /
_cB.V. Kumar, Prakash Narayan, Tony Ng.
260 _aUpper Saddle River, NJ :
_bPrentice Hall,
_cc2010.
300 _axxiv, 351 p. :
_bill. ;
_c23 cm.
490 1 _aThe Java series
650 0 _aJava (Computer program language)
650 0 _aService-oriented architecture (Computer science)
700 1 _aNarayan, Prakash,
_d1960-
700 1 _aNg, Tony.
830 0 _aJava series.
942 _2ddc
_cBK
999 _c193146
_d193146